[Event "Oberliga Ost A 2017 2018"]
[Site "Germany"]
[Date "2018.02.03"]
[Round "6.7"]
[White "Schaefer, Sven"]
[Black "Hentzgen, Thomas"]
[Result "1/2-1/2"]
[WhiteElo "2001"]
[BlackElo "2037"]
[PlyCount "48"]
[EventDate "2017.10.22"]
[EventType "team-tourn"]
[EventCountry "GER"]
[WhiteTeam "Dessau SK"]
[BlackTeam "Halle USV"]
[WhiteTeamCountry "GER"]
[BlackTeamCountry "GER"]

1. e4 c5 2. Nf3 e6 3. g3 Nf6 4. Qe2 d5 5. exd5 Nxd5 6. Bg2 Nc6 7. O-O Be7 8.
Nc3 O-O 9. Rd1 Nf6 10. d3 Qb6 11. Ne4 Nd4 12. Nxd4 cxd4 13. c4 dxc3 14. Nxc3
Bd7 15. Be3 Qa6 16. Rac1 Bc6 17. Bxc6 Qxc6 18. Ne4 Qd7 19. Bc5 Rfc8 20. Bxe7
Qxe7 21. Rc4 b5 22. Nxf6+ Qxf6 23. Rf4 Qg6 24. h4 Rc5 1/2-1/2

[Event "Oberliga Ost A 2017 2018"]
[Site "Germany"]
[Date "2018.02.03"]
[Round "6.1"]
[White "Lechtynsky, Jiri"]
[Black "Zwahr, Paul"]
[Result "1/2-1/2"]
[WhiteElo "2367"]
[BlackElo "2306"]
[PlyCount "103"]
[EventDate "2017.10.22"]
[EventType "team-tourn"]
[EventCountry "GER"]
[WhiteTeam "Hoyerswerda FVS ASP"]
[BlackTeam "Dresden SG Gruen Weiss"]
[WhiteTeamCountry "GER"]
[BlackTeamCountry "GER"]

1. d4 Nf6 2. c4 g6 3. Nc3 Bg7 4. e4 d6 5. Be2 O-O 6. Nf3 e5 7. Be3 Ng4 8. Bg5
f6 9. Bc1 Nc6 10. h3 exd4 11. Nxd4 Nxd4 12. Qxd4 Ne5 13. f4 Nc6 14. Qd5+ Kh8
15. Be3 f5 16. O-O-O Qe8 17. Qd2 fxe4 18. Nd5 Qf7 19. g4 a6 20. h4 h5 21. gxh5
gxh5 22. Rdg1 Bf6 23. Rg5 Bg4 24. Bxg4 hxg4 25. Qg2 Bxg5 26. hxg5+ Kg7 27. Qxe4
Qf5 28. Bd4+ Nxd4 29. Qxd4+ Kf7 30. Rh6 c5 31. Rf6+ Kg7 32. Qe3 Rxf6 33. gxf6+
Kh8 34. Qe7 Qh7 35. f7 Qh6 36. Qe8+ Qf8 37. Qe6 Qg7 38. Ne7 g3 39. Ng6+ Kh7 40.
f8=Q Rxf8 41. Nxf8+ Qxf8 42. Qh3+ Qh6 43. Qxg3 Qe6 44. Qd3+ Kg7 45. Kc2 Kf8 46.
Kd2 Qf6 47. Ke3 Qe6+ 48. Qe4 Qh3+ 49. Kd2 Qh2+ 50. Kc3 Qh3+ 51. Qd3 Qe6 52. Kd2
1/2-1/2

[Event "Oberliga Ost A 2017 2018"]
[Site "Germany"]
[Date "2018.02.03"]
[Round "6.2"]
[White "Gehmlich, Marcel"]
[Black "Spivak, Ilya"]
[Result "1/2-1/2"]
[WhiteElo "2187"]
[BlackElo "2329"]
[PlyCount "119"]
[EventDate "2017.10.22"]
[EventType "team-tourn"]
[EventCountry "GER"]
[WhiteTeam "Dresden SG Gruen Weiss"]
[BlackTeam "Hoyerswerda FVS ASP"]
[WhiteTeamCountry "GER"]
[BlackTeamCountry "GER"]

1. e4 c5 2. Nf3 e6 3. Nc3 Nc6 4. g3 Nf6 5. Bg2 d5 6. exd5 Nxd5 7. Nxd5 Qxd5 8.
O-O Be7 9. Re1 Qd8 10. d3 O-O 11. c3 Qc7 12. Bf4 Bd6 13. Bxd6 Qxd6 14. Qe2 Rb8
15. Rad1 b5 16. d4 h6 17. Ne5 Ne7 18. dxc5 Qxc5 19. Qe3 Qc7 20. Qf4 Nd5 21.
Bxd5 exd5 22. Ng6 Qxf4 23. Nxf4 b4 24. cxb4 Rxb4 25. b3 Bb7 26. Nxd5 Rb5 27.
Ne7+ Kh7 28. Rd7 a5 29. f4 a4 30. Re5 Rxe5 31. fxe5 axb3 32. axb3 Be4 33. Nd5
Rb8 34. Nf4 Re8 35. e6 fxe6 36. Nh5 Kg6 37. Nxg7 Rb8 38. Nxe6 Rxb3 39. Nc5 Rb1+
40. Kf2 Bf5 41. Rd6+ Kg7 42. Ke3 Rc1 43. Nb7 Bc8 44. Nd8 Re1+ 45. Kf2 Re7 46.
Nc6 Re6 47. Rxe6 Bxe6 48. Ke3 Bd7 49. Ne5 Bf5 50. Kf4 Bc2 51. Ng4 Kg6 52. Ne3
Bb1 53. g4 Kg7 54. h4 Bd3 55. Nf5+ Kg6 56. h5+ Kh7 57. Ke5 Bc2 58. Ne3 Bd3 59.
Kf6 Bb1 60. g5 1/2-1/2

[Event "Oberliga Ost A 2017 2018"]
[Site "Germany"]
[Date "2018.02.03"]
[Round "6.3"]
[White "Orsag, Milan"]
[Black "Zimmermann, Rene"]
[Result "0-1"]
[WhiteElo "2342"]
[BlackElo "2173"]
[PlyCount "128"]
[EventDate "2017.10.22"]
[EventType "team-tourn"]
[EventCountry "GER"]
[WhiteTeam "Hoyerswerda FVS ASP"]
[BlackTeam "Dresden SG Gruen Weiss"]
[WhiteTeamCountry "GER"]
[BlackTeamCountry "GER"]

1. d4 d5 2. Nf3 c6 3. c4 e6 4. e3 Nf6 5. Nc3 Be7 6. Qc2 O-O 7. Bd3 Nbd7 8. O-O
b6 9. Ne5 Bb7 10. f4 dxc4 11. Bxc4 c5 12. Bd3 h6 13. Qe2 cxd4 14. exd4 Nxe5 15.
dxe5 Bc5+ 16. Kh1 Ng4 17. Ne4 Nxh2 18. Nf6+ gxf6 19. Kxh2 f5 20. Be3 Qh4+ 21.
Kg1 Rac8 22. Rad1 Rfd8 23. Qf2 Qxf2+ 24. Bxf2 Bxf2+ 25. Kxf2 Rd4 26. Ke3 Rcd8
27. Rg1 Kf8 28. g3 f6 29. exf6 Kf7 30. Bc2 Rxd1 31. Rxd1 Bd5 32. Rd2 Rg8 33.
Kf2 Kxf6 34. Bb3 Bxb3 35. axb3 Re8 36. Rd7 Re7 37. Rd8 Rc7 38. Rd2 Rc5 39. Kf3
Rb5 40. Rd3 Rd5 41. Rc3 Rd2 42. b4 Rxb2 43. Ra3 Rxb4 44. Rxa7 b5 45. Rb7 Rb3+
46. Kf2 Rb2+ 47. Kf3 h5 48. Rh7 b4 49. Rxh5 Ke7 50. Rh7+ Kd6 51. Rb7 Kd5 52.
Rb5+ Kc4 53. Rb6 Rb3+ 54. Kf2 Rd3 55. Rxe6 Rd5 56. g4 b3 57. gxf5 b2 58. Re1
Rxf5 59. Kf3 Rb5 60. Rb1 Kd3 61. Kg4 Kc2 62. Rxb2+ Kxb2 63. f5 Kc3 64. f6 Kd4
0-1

[Event "Oberliga Ost A 2017 2018"]
[Site "Germany"]
[Date "2018.02.03"]
[Round "6.4"]
[White "Hutsch, Oliver"]
[Black "Hovsepyan, Vardan"]
[Result "0-1"]
[WhiteElo "2161"]
[BlackElo "2218"]
[PlyCount "86"]
[EventDate "2017.10.22"]
[EventType "team-tourn"]
[EventCountry "GER"]
[WhiteTeam "Dresden SG Gruen Weiss"]
[BlackTeam "Hoyerswerda FVS ASP"]
[WhiteTeamCountry "GER"]
[BlackTeamCountry "GER"]

1. d4 Nf6 2. g3 g6 3. Bg2 Bg7 4. e4 d6 5. Ne2 h5 6. h3 c5 7. dxc5 Qa5+ 8. c3
Qxc5 9. Be3 Qc7 10. Na3 a6 11. Qb3 Nbd7 12. O-O Nc5 13. Qc2 Bd7 14. Nf4 Rc8 15.
Bxc5 Qxc5 16. Rad1 b5 17. Qd3 h4 18. g4 b4 19. cxb4 Qxb4 20. g5 Ng8 21. Nd5
Qxb2 22. Rd2 Qb8 23. Rb1 Qa7 24. Rc2 Bd4 25. Rb4 Rxc2 26. Qxc2 e6 27. Qc7 Bxf2+
28. Kf1 Qxc7 29. Nxc7+ Kd8 30. Nxa6 Bg3 31. Nc4 Bc8 32. Rb8 d5 33. exd5 Bxb8
34. Nxb8 exd5 35. Nc6+ Kc7 36. N4e5 Rh5 37. Nb4 Ne7 38. Nxf7 Be6 39. Ne5 Rxg5
40. Nbd3 Bf5 41. Kf2 Be4 42. Bf1 Rf5+ 43. Kg1 Nc6 0-1

[Event "Oberliga Ost A 2017 2018"]
[Site "Germany"]
[Date "2018.02.03"]
[Round "6.5"]
[White "Kesik, Klaus Dieter"]
[Black "Nake, Matthias"]
[Result "0-1"]
[WhiteElo "2222"]
[BlackElo "2170"]
[PlyCount "116"]
[EventDate "2017.10.22"]
[EventType "team-tourn"]
[EventCountry "GER"]
[WhiteTeam "Hoyerswerda FVS ASP"]
[BlackTeam "Dresden SG Gruen Weiss"]
[WhiteTeamCountry "GER"]
[BlackTeamCountry "GER"]

1. d4 Nf6 2. g3 g6 3. Bg2 Bg7 4. e4 d6 5. Ne2 O-O 6. O-O c6 7. a4 Na6 8. Nbc3
e5 9. h3 Nc7 10. Be3 Be6 11. Qd2 Qd7 12. Kh2 Bc4 13. Rfd1 Rfd8 14. b3 Bxe2 15.
Qxe2 Qe7 16. dxe5 dxe5 17. Rxd8+ Qxd8 18. Qc4 Ne6 19. Rd1 Qe7 20. a5 a6 21. Na4
Nd7 22. Nb6 Rd8 23. Rd3 Bf8 24. f4 exf4 25. gxf4 Nxb6 26. axb6 Rxd3 27. cxd3
Qh4 28. e5 Bh6 29. f5 Qxc4 30. dxc4 Bxe3 31. fxe6 fxe6 32. Kg3 Bxb6 33. Kf4 Bg1
34. Bf3 Kf7 35. Bg4 Ke7 36. Bd1 Bh2+ 37. Ke4 c5 38. Be2 b6 39. Bd1 Kf7 40. Be2
h5 41. Bd1 Kg7 42. Be2 Kh6 43. Bd3 Kg5 44. Bc2 Kh4 45. Kf3 g5 46. Bg6 g4+ 47.
hxg4 hxg4+ 48. Kg2 Bxe5 49. Bf7 Kg5 50. Bxe6 Kf4 51. Bc8 a5 52. Kf1 Kf3 53. Bd7
g3 54. Bc6+ Ke3 55. Kg2 Kd3 56. Kf1 Kc3 57. Ba4 Kb4 58. Kg2 b5 0-1

[Event "Oberliga Ost A 2017 2018"]
[Site "Germany"]
[Date "2018.02.03"]
[Round "6.6"]
[White "Kunze, Christopher"]
[Black "Jahnel, Guenther"]
[Result "1-0"]
[WhiteElo "2114"]
[BlackElo "2222"]
[PlyCount "99"]
[EventDate "2017.10.22"]
[EventType "team-tourn"]
[EventCountry "GER"]
[WhiteTeam "Dresden SG Gruen Weiss"]
[BlackTeam "Hoyerswerda FVS ASP"]
[WhiteTeamCountry "GER"]
[BlackTeamCountry "GER"]

1. e4 d6 2. Nc3 Nf6 3. f4 g6 4. Nf3 Bg7 5. g3 O-O 6. Bg2 c5 7. O-O Nc6 8. h3
Rb8 9. a4 a6 10. Qe2 Nd4 11. Nxd4 cxd4 12. Nd5 Nh5 13. Qf2 e6 14. Nb4 a5 15.
Nd3 Qc7 16. g4 Nf6 17. Ne1 b5 18. axb5 Rxb5 19. d3 h5 20. g5 Nh7 21. b3 f6 22.
Qg3 fxg5 23. fxg5 Rxf1+ 24. Kxf1 Be5 25. Qf2 Rb7 26. Ra4 Qd8 27. Nf3 Rf7 28.
Qh4 Bd7 29. Ra2 Qf8 30. Ke2 Qc8 31. Bd2 Be8 32. Nxe5 dxe5 33. Qg3 Rc7 34. Kd1
Rc5 35. Bxa5 Qa8 36. b4 Rb5 37. h4 Rxb4 38. Qxe5 Rb5 39. Qc7 Nf8 40. Ra1 Rb7
41. Qd8 Ra7 42. Qxa8 Rxa8 43. e5 Rb8 44. Bc7 Rb5 45. Bd6 Nd7 46. Ra8 Kf7 47.
Ra7 Rb6 48. Kd2 Kg8 49. Ra8 Kf7 50. Be4 1-0

[Event "Oberliga Ost A 2017 2018"]
[Site "Germany"]
[Date "2018.02.03"]
[Round "6.7"]
[White "Boehm, Robert"]
[Black "Rudolf, Matthias"]
[Result "1/2-1/2"]
[WhiteElo "2148"]
[BlackElo "2090"]
[PlyCount "71"]
[EventDate "2017.10.22"]
[EventType "team-tourn"]
[EventCountry "GER"]
[WhiteTeam "Hoyerswerda FVS ASP"]
[BlackTeam "Dresden SG Gruen Weiss"]
[WhiteTeamCountry "GER"]
[BlackTeamCountry "GER"]

1. Nf3 e6 2. c4 b6 3. g3 Bb7 4. Bg2 f5 5. O-O Nf6 6. Nc3 Be7 7. d4 Ne4 8. Qc2
Nxc3 9. Qxc3 Bf6 10. Qd3 Be4 11. Qd1 O-O 12. Bd2 Qe7 13. Bc3 d6 14. Qd2 Nd7 15.
Rad1 Rfe8 16. Ne1 Bg5 17. e3 Bxg2 18. Nxg2 Nf6 19. f3 e5 20. dxe5 dxe5 21. f4
exf4 22. exf4 Bh6 23. Rfe1 Ne4 24. Qd5+ Qf7 25. Be5 g6 26. Bxc7 Rac8 27. Be5
Rxc4 28. Ne3 Rc5 29. Qxf7+ Kxf7 30. Rd7+ Re7 31. Rd8 Re8 32. Rxe8 Kxe8 33. Bd4
Rc6 34. Ng4 fxg4 35. Rxe4+ Kf7 36. Re2 1/2-1/2

[Event "Oberliga Ost A 2017 2018"]
[Site "Germany"]
[Date "2018.02.03"]
[Round "6.8"]
[White "Rensch, Toralf"]
[Black "Graf, Roland"]
[Result "1/2-1/2"]
[WhiteElo "2097"]
[BlackElo "2103"]
[PlyCount "42"]
[EventDate "2017.10.22"]
[EventType "team-tourn"]
[EventCountry "GER"]
[WhiteTeam "Dresden SG Gruen Weiss"]
[BlackTeam "Hoyerswerda FVS ASP"]
[WhiteTeamCountry "GER"]
[BlackTeamCountry "GER"]

1. b3 Nf6 2. Bb2 e6 3. e3 c5 4. f4 Nc6 5. Nf3 Be7 6. Be2 b6 7. O-O Bb7 8. Ne5
d6 9. Nxc6 Bxc6 10. Bf3 Qc7 11. a4 O-O 12. Na3 a6 13. Qe2 Qb7 14. Bxc6 Qxc6 15.
c4 d5 16. Qf3 Ne4 17. Rfd1 Bf6 18. Bxf6 Nxf6 19. Rac1 Qd6 20. d3 d4 21. e4 e5
1/2-1/2

[Event "Oberliga Ost A 2017 2018"]
[Site "Germany"]
[Date "2018.02.03"]
[Round "6.2"]
[White "Hoffmann, Hendrik"]
[Black "Zawadzka, Jolanta"]
[Result "0-1"]
[WhiteElo "2298"]
[BlackElo "2420"]
[PlyCount "108"]
[EventDate "2017.10.22"]
[EventType "team-tourn"]
[EventCountry "GER"]
[WhiteTeam "Leipzig SG"]
[BlackTeam "Plauen SK Koenig"]
[WhiteTeamCountry "GER"]
[BlackTeamCountry "GER"]

1. e4 c5 2. Nf3 Nc6 3. d4 cxd4 4. Nxd4 e6 5. Nc3 Qc7 6. Be3 a6 7. Be2 Nf6 8.
O-O Bb4 9. Nxc6 bxc6 10. Na4 O-O 11. Nb6 Rb8 12. Nxc8 Rfxc8 13. Bxa6 Rf8 14.
Bd3 Bd6 15. h3 Be5 16. f4 Bxb2 17. Rb1 Qa5 18. c4 e5 19. Kh1 exf4 20. Bxf4 Be5
21. Bxe5 Qxe5 22. Rf5 Rxb1 23. Qxb1 Qd4 24. e5 Ne8 25. Rf3 g6 26. Qe1 Nc7 27.
Bf1 Ne6 28. a4 Ra8 29. Rd3 Qxc4 30. Rxd7 Qxa4 31. Qf2 Rf8 32. Ra7 Qe4 33. Qf6
Nf4 34. Kh2 Nh5 35. Qg5 h6 36. Qe7 Qf4+ 37. Kg1 Ng3 38. Qf6 Qe3+ 39. Qf2 Nxf1
40. Kxf1 Qxe5 41. Kg1 Qd5 42. Rc7 Qd1+ 43. Qf1 Qd6 44. Rb7 Qe6 45. Qc1 h5 46.
Rc7 Rc8 47. Rxc8+ Qxc8 48. Qc5 Qe6 49. Kh2 Qd5 50. Qb6 c5 51. Qc7 Qd4 52. Qc8+
Kg7 53. Qc7 c4 54. Qb8 Qc5 0-1

[Event "Oberliga Ost A 2017 2018"]
[Site "Germany"]
[Date "2018.02.03"]
[Round "6.3"]
[White "Kuraszkiewicz, Michael"]
[Black "Boehnisch, Manfred"]
[Result "1-0"]
[WhiteElo "2303"]
[BlackElo "2297"]
[PlyCount "67"]
[EventDate "2017.10.22"]
[EventType "team-tourn"]
[EventCountry "GER"]
[WhiteTeam "Plauen SK Koenig"]
[BlackTeam "Leipzig SG"]
[WhiteTeamCountry "GER"]
[BlackTeamCountry "GER"]

1. d4 d5 2. c4 c6 3. Nf3 Nf6 4. e3 Bg4 5. h3 Bh5 6. g4 Bg6 7. Ne5 e6 8. Nd2
Nfd7 9. Nxg6 hxg6 10. Bg2 b5 11. cxb5 cxb5 12. a4 bxa4 13. Qxa4 Be7 14. Nb3 O-O
15. Na5 Qb6 16. O-O Bb4 17. e4 Nf6 18. exd5 Nxd5 19. Nc4 Qxd4 20. Ne3 Qc5 21.
Nxd5 exd5 22. Be3 Qe7 23. Bxd5 Nd7 24. Bxa8 Rxa8 25. Qc6 Qe8 26. Rfd1 Ne5 27.
Qxe8+ Rxe8 28. Bxa7 f5 29. Ra4 Be7 30. Kg2 fxg4 31. hxg4 Bf6 32. g5 Bxg5 33. f4
Ng4 34. fxg5 1-0

[Event "Oberliga Ost A 2017 2018"]
[Site "Germany"]
[Date "2018.02.03"]
[Round "6.4"]
[White "Roesemann, Rainer"]
[Black "Schaller, Sven"]
[Result "1-0"]
[WhiteElo "2208"]
[BlackElo "2270"]
[PlyCount "65"]
[EventDate "2017.10.22"]
[EventType "team-tourn"]
[EventCountry "GER"]
[WhiteTeam "Leipzig SG"]
[BlackTeam "Plauen SK Koenig"]
[WhiteTeamCountry "GER"]
[BlackTeamCountry "GER"]

1. d4 Nf6 2. Bf4 e6 3. e3 c5 4. c3 Nc6 5. Nd2 b6 6. Ngf3 Bb7 7. Bd3 Be7 8. h3
Rc8 9. Qe2 O-O 10. O-O d5 11. Rad1 c4 12. Bb1 b5 13. a3 a5 14. e4 Re8 15. Rfe1
b4 16. axb4 axb4 17. Ne5 Qb6 18. Nxf7 Kxf7 19. e5 g6 20. exf6 Bxf6 21. Nf3 Kg8
22. h4 Re7 23. h5 gxh5 24. Ng5 e5 25. dxe5 Nxe5 26. Qxh5 h6 27. Bh7+ Kg7 28.
Bxe5 Bxe5 29. Rxe5 Rxe5 30. Qf7+ Kh8 31. Bf5 Qc7 32. Bxc8 Qxf7 33. Nxf7+ 1-0

[Event "Oberliga Ost A 2017 2018"]
[Site "Germany"]
[Date "2018.02.03"]
[Round "6.5"]
[White "Kunze, Carlo"]
[Black "Rausch, Stephan"]
[Result "1/2-1/2"]
[WhiteElo "2235"]
[BlackElo "2229"]
[PlyCount "36"]
[EventDate "2017.10.22"]
[EventType "team-tourn"]
[EventCountry "GER"]
[WhiteTeam "Plauen SK Koenig"]
[BlackTeam "Leipzig SG"]
[WhiteTeamCountry "GER"]
[BlackTeamCountry "GER"]

1. c4 c6 2. Nf3 d5 3. e3 Nf6 4. b3 Bg4 5. Be2 e6 6. O-O Nbd7 7. Bb2 Be7 8. d3
O-O 9. Nbd2 Qb6 10. Re1 Rfd8 11. Qc2 Rac8 12. Rac1 Bb4 13. Bd4 Qa5 14. Bc3 Ne8
15. Bxb4 Qxb4 16. cxd5 exd5 17. Qb2 a5 18. Bf1 Bxf3 1/2-1/2

[Event "Oberliga Ost A 2017 2018"]
[Site "Germany"]
[Date "2018.02.03"]
[Round "6.6"]
[White "Schultz, Andreas"]
[Black "Hoerr, Matthias"]
[Result "1-0"]
[WhiteElo "2215"]
[BlackElo "2196"]
[PlyCount "45"]
[EventDate "2017.10.22"]
[EventType "team-tourn"]
[EventCountry "GER"]
[WhiteTeam "Leipzig SG"]
[BlackTeam "Plauen SK Koenig"]
[WhiteTeamCountry "GER"]
[BlackTeamCountry "GER"]

1. d4 Nf6 2. c4 e6 3. Nc3 Bb4 4. e3 d5 5. cxd5 exd5 6. Bd3 O-O 7. Nge2 Re8 8.
Bd2 Nbd7 9. Rc1 c6 10. O-O Nb6 11. f3 c5 12. a3 cxd4 13. Nxd4 Bd6 14. Ncb5 Bb8
15. Qe2 Be6 16. Ba5 Re7 17. b3 a6 18. Nc3 Qd6 19. g3 Rc7 20. Qd2 Bd7 21. Nce2
Ba7 22. Bb4 Qe5 23. f4 1-0

[Event "Oberliga Ost A 2017 2018"]
[Site "Germany"]
[Date "2018.02.03"]
[Round "6.7"]
[White "Pfretzschner, Roland"]
[Black "Braun, Gottfried"]
[Result "1/2-1/2"]
[WhiteElo "2211"]
[BlackElo "2220"]
[PlyCount "132"]
[EventDate "2017.10.22"]
[EventType "team-tourn"]
[EventCountry "GER"]
[WhiteTeam "Plauen SK Koenig"]
[BlackTeam "Leipzig SG"]
[WhiteTeamCountry "GER"]
[BlackTeamCountry "GER"]

1. e4 d6 2. Nf3 Nf6 3. c3 e5 4. Be2 Be7 5. O-O O-O 6. Qc2 Nbd7 7. d4 b6 8. d5
Bb7 9. b4 c6 10. c4 cxd5 11. cxd5 a5 12. Bd2 Rc8 13. Qd3 axb4 14. Bxb4 Nc5 15.
Bxc5 Rxc5 16. Nfd2 Qa8 17. Nb3 Rc7 18. Nc3 Rfc8 19. Nb5 Rc4 20. f3 Qa4 21. Rfc1
Rxc1+ 22. Nxc1 Nd7 23. Nb3 Ba6 24. Kf1 Nc5 25. Nxc5 Rxc5 26. Nc3 Qa3 27. Qxa6
Qxc3 28. Rd1 Ra5 29. Qxb6 Rxa2 30. Qb8+ Bf8 31. Qb1 Rb2 32. Qd3 Qc5 33. Qc4 Qe3
34. Qd3 Qh6 35. Qc3 Rb8 36. Kg1 g6 37. g3 Qg5 38. Qd2 Qd8 39. Kg2 h5 40. Qd3
Qb6 41. Rc1 Qb2 42. Qc2 Bh6 43. Qxb2 Rxb2 44. Rc8+ Kg7 45. Kf2 Bd2 46. Bd1 Bc3+
47. Kf1 Bd4 48. Rc2 Rb1 49. Ke2 Bg1 50. Ke1 Kf6 51. Rd2 Bc5 52. Ke2 g5 53. h3
Ra1 54. g4 h4 55. Rc2 Ra3 56. Rb2 Bd4 57. Rc2 Ke7 58. Rc7+ Ke8 59. Rc2 Kd7 60.
Kd2 Bc5 61. Rc4 Ra7 62. Ra4 Rb7 63. Bc2 Kc7 64. Ra2 Bb4+ 65. Kd3 Kb6 66. Kc4
Bc5 1/2-1/2

[Event "Oberliga Ost A 2017 2018"]
[Site "Germany"]
[Date "2018.02.03"]
[Round "6.8"]
[White "Gempe, Thomas"]
[Black "Zaehringer, Daniel"]
[Result "0-1"]
[WhiteElo "2196"]
[BlackElo "2015"]
[PlyCount "80"]
[EventDate "2017.10.22"]
[EventType "team-tourn"]
[EventCountry "GER"]
[WhiteTeam "Leipzig SG"]
[BlackTeam "Plauen SK Koenig"]
[WhiteTeamCountry "GER"]
[BlackTeamCountry "GER"]

1. d4 d5 2. c4 c6 3. Nf3 e6 4. Nc3 Nf6 5. Bg5 Nbd7 6. cxd5 exd5 7. e3 Be7 8.
Qc2 O-O 9. Bd3 h6 10. h4 c5 11. O-O-O c4 12. Bf5 Nb6 13. Ne5 Bxf5 14. Qxf5 Qc8
15. Qf3 Qe6 16. g4 Ne4 17. Nxe4 dxe4 18. Qxe4 c3 19. d5 cxb2+ 20. Kb1 Qd6 21.
Bxe7 Qxe7 22. Qd4 Rfe8 23. Nc4 Nxc4 24. Qxc4 Rac8 25. Qd4 b5 26. d6 Qe4+ 27.
Kxb2 Rc2+ 28. Kb3 Qc6 29. d7 Rd8 30. e4 a5 31. Rh3 a4+ 32. Ka3 Qe6 33. Qd5 b4+
34. Kxb4 Qb6+ 35. Ka3 Qb2+ 36. Kxa4 Rc4+ 37. Ka5 Qb4+ 38. Ka6 Rc5 39. Rb3 Qa5+
40. Kb7 Rc7# 0-1

[Event "Oberliga Ost A 2017 2018"]
[Site "Germany"]
[Date "2018.02.03"]
[Round "6.1"]
[White "Reizniece Ozola, Dana"]
[Black "Schmidt Schaeffer, Sebastian"]
[Result "0-1"]
[WhiteElo "2283"]
[BlackElo "2373"]
[PlyCount "98"]
[EventDate "2017.10.22"]
[EventType "team-tourn"]
[EventCountry "GER"]
[WhiteTeam "Loeberitz SG"]
[BlackTeam "Naumburger SV"]
[WhiteTeamCountry "GER"]
[BlackTeamCountry "GER"]

1. c4 e6 2. g3 d5 3. Bg2 Nf6 4. Nf3 dxc4 5. Qa4+ Bd7 6. Qxc4 c5 7. Ne5 Qc8 8.
Nc3 Nc6 9. Nxd7 Qxd7 10. O-O Be7 11. d3 O-O 12. Bg5 b6 13. b4 Rac8 14. Bxc6
Rxc6 15. b5 Rd6 16. Be3 Rc8 17. Qb3 Ng4 18. Rad1 h5 19. Bc1 Rd4 20. a3 h4 21.
Bb2 Qb7 22. Ne4 Rd5 23. h3 Nf6 24. g4 Nxe4 25. dxe4 c4 26. Qc2 Rxb5 27. a4 Rbc5
28. Bc3 R5c7 29. Be5 Rd7 30. f4 Rxd1 31. Rxd1 Qc6 32. g5 c3 33. Rd3 Bb4 34. Kh2
a6 35. e3 b5 36. axb5 axb5 37. f5 Qc5 38. Bd4 Qc7+ 39. e5 exf5 40. g6 fxg6 41.
Rd1 Qc6 42. Ra1 Qf3 43. Rg1 Kh7 44. Rg2 Be7 45. Qb3 c2 46. Bb2 c1=Q 47. Bxc1
Rxc1 48. Qf7 Bg5 49. Rxg5 Rh1# 0-1

[Event "Oberliga Ost A 2017 2018"]
[Site "Germany"]
[Date "2018.02.03"]
[Round "6.2"]
[White "Heinrich, Julius Tobias"]
[Black "Stein, Robert"]
[Result "0-1"]
[WhiteElo "2129"]
[BlackElo "2253"]
[PlyCount "84"]
[EventDate "2017.10.22"]
[EventType "team-tourn"]
[EventCountry "GER"]
[WhiteTeam "Naumburger SV"]
[BlackTeam "Loeberitz SG"]
[WhiteTeamCountry "GER"]
[BlackTeamCountry "GER"]

1. e4 c6 2. d4 d5 3. f3 e6 4. Nc3 Bb4 5. Qd3 b6 6. Nge2 Ba6 7. Qe3 Ne7 8. a3
Bd6 9. e5 Nf5 10. Qf2 Be7 11. g3 c5 12. Bh3 Nxd4 13. Nxd4 cxd4 14. Qxd4 O-O 15.
Qg4 Nc6 16. Bh6 g6 17. Bxf8 Qxf8 18. f4 Rc8 19. Bf1 Bxf1 20. Rxf1 Nd4 21. Rf2
Nf5 22. Rd2 Ne3 23. Qe2 Nc4 24. Rd3 Nxb2 25. Rf3 Nc4 26. Nb5 a6 27. Nd4 Bxa3
28. c3 a5 29. g4 Bc5 30. Nb3 Qh6 31. Nd2 Qh4+ 32. Rg3 Nxd2 33. Kxd2 d4 34. c4
Bb4+ 35. Kd3 Qd8 36. Qa2 Qc7 37. Rc1 Qc5 38. Rc2 b5 39. cxb5 Qxb5+ 40. Rc4 Bc3
41. Qa4 Qb1+ 42. Ke2 Qe1+ 0-1

[Event "Oberliga Ost A 2017 2018"]
[Site "Germany"]
[Date "2018.02.03"]
[Round "6.3"]
[White "Pallas, Sebastian"]
[Black "Gering, Samuel"]
[Result "1/2-1/2"]
[WhiteElo "2230"]
[BlackElo "2087"]
[PlyCount "134"]
[EventDate "2017.10.22"]
[EventType "team-tourn"]
[EventCountry "GER"]
[WhiteTeam "Loeberitz SG"]
[BlackTeam "Naumburger SV"]
[WhiteTeamCountry "GER"]
[BlackTeamCountry "GER"]

1. e4 g6 2. d4 Bg7 3. Nc3 d6 4. h3 a6 5. a4 Nd7 6. Nf3 c5 7. Be3 b6 8. Bc4 e6
9. O-O Ne7 10. Qd2 h6 11. Rad1 Bb7 12. d5 e5 13. Ne1 f5 14. f4 Qc7 15. Nf3
O-O-O 16. Qd3 Kb8 17. fxe5 Nxe5 18. Nxe5 Bxe5 19. Bf4 Bd4+ 20. Be3 Be5 21. Bf4
Bd4+ 22. Kh1 Qc8 23. Qg3 Qd7 24. exf5 g5 25. Be3 Nxf5 26. Rxf5 Qxf5 27. Bxd4
cxd4 28. Rxd4 Rhe8 29. Bd3 Qe5 30. Qf2 Qe1+ 31. Qxe1 Rxe1+ 32. Kh2 Re5 33. Be4
Rf8 34. Bf3 Rf4 35. Rd3 Bc8 36. Ne2 Rxa4 37. Nd4 Bd7 38. b3 Ra1 39. Rc3 Re8 40.
Bh5 Rc8 41. Re3 Rc5 42. c4 b5 43. Re7 Kc8 44. Ne6 Bxe6 45. Rxe6 bxc4 46. bxc4
Rxc4 47. Rxd6 Rd4 48. Bf3 a5 49. Rxh6 Kc7 50. Rc6+ Kd7 51. Bg4+ Ke7 52. Re6+
Kf7 53. d6 Rxg4 54. Re7+ Kf6 55. hxg4 Rd1 56. Ra7 Rxd6 57. Rxa5 Rb6 58. Rf5+
Kg6 59. Rf3 Ra6 60. Kg3 Rb6 61. Ra3 Kf6 62. Kf3 Re6 63. Ra5 Kg6 64. Ra4 Kf6 65.
Re4 Ra6 66. Ke3 Ra3+ 67. Kf2 Ra6 1/2-1/2

[Event "Oberliga Ost A 2017 2018"]
[Site "Germany"]
[Date "2018.02.03"]
[Round "6.4"]
[White "Fritsch, Andreas"]
[Black "Proehl, Holger"]
[Result "1-0"]
[WhiteElo "2102"]
[BlackElo "2364"]
[PlyCount "61"]
[EventDate "2017.10.22"]
[EventType "team-tourn"]
[EventCountry "GER"]
[WhiteTeam "Naumburger SV"]
[BlackTeam "Loeberitz SG"]
[WhiteTeamCountry "GER"]
[BlackTeamCountry "GER"]

1. Nc3 d5 2. e4 dxe4 3. Nxe4 Nd7 4. Bc4 e6 5. Qe2 Ngf6 6. d3 Be7 7. Nf3 O-O 8.
Bd2 Nb6 9. Bb3 a5 10. a3 a4 11. Ba2 c5 12. h4 Nbd5 13. c4 Nc7 14. Bc3 b6 15.
Bb1 Bb7 16. Bc2 Nxe4 17. dxe4 f6 18. h5 Rf7 19. Nh4 Bc6 20. Ng6 e5 21. Rd1 Qc8
22. f4 exf4 23. Nxf4 Ne6 24. Nd5 Bd8 25. O-O Bxd5 26. exd5 Nf8 27. Qe8 Qd7 28.
Rde1 h6 29. Bf5 Qa7 30. Be6 Rb8 31. d6 1-0

[Event "Oberliga Ost A 2017 2018"]
[Site "Germany"]
[Date "2018.02.03"]
[Round "6.5"]
[White "Schuetze, Norman"]
[Black "Haertig, Jens"]
[Result "1/2-1/2"]
[WhiteElo "2282"]
[BlackElo "2140"]
[PlyCount "149"]
[EventDate "2017.10.22"]
[EventType "team-tourn"]
[EventCountry "GER"]
[WhiteTeam "Loeberitz SG"]
[BlackTeam "Naumburger SV"]
[WhiteTeamCountry "GER"]
[BlackTeamCountry "GER"]

1. e4 c5 2. Nf3 e6 3. d4 cxd4 4. Nxd4 a6 5. Bd3 Nc6 6. Nxc6 bxc6 7. O-O d5 8.
c4 Nf6 9. exd5 cxd5 10. Nc3 Be7 11. cxd5 Nxd5 12. Be4 Bb7 13. Qa4+ Qd7 14.
Qxd7+ Kxd7 15. Rd1 Rhd8 16. Nxd5 exd5 17. Bxd5 Ke8 18. Bb3 Rxd1+ 19. Bxd1 Bf6
20. Bf4 Rd8 21. Be2 Rd4 22. g3 g5 23. Re1 gxf4 24. Bf3+ Kf8 25. Bxb7 Ra4 26.
Bd5 Bxb2 27. Rb1 Rb4 28. gxf4 a5 29. Kg2 a4 30. Kf3 a3 31. Be4 h6 32. Rd1 Rd4
33. Bd3 Rd6 34. Ke4 Rd4+ 35. Ke3 Rd6 36. Kf3 Ke7 37. Kg4 Bg7 38. Re1+ Re6 39.
Rc1 Rd6 40. Re1+ Re6 41. Rb1 Rd6 42. Rb3 Bb2 43. Kh5 Bc1 44. h4 Kf8 45. f5 Kg7
46. Bc4 Rd4 47. Rc3 Bb2 48. f6+ Kxf6 49. Rf3+ Ke5 50. Bxf7 Bc1 51. Rc3 Bb2 52.
Re3+ Kf6 53. Bb3 Bc1 54. Rc3 Bd2 55. Rc6+ Ke5 56. Re6+ Kf5 57. Ra6 Bc1 58. Ra7
Rf4 59. Rc7 Bb2 60. Bc2+ Ke5 61. Kxh6 Rxh4+ 62. Kg5 Kd6 63. Rf7 Rh2 64. Kg4 Bd4
65. Kg3 Be5+ 66. Kf3 Bd4 67. Ke2 Rh3 68. Bd3 Rh6 69. Rf3 Rf6 70. Bf5 Kc5 71.
Bd3 Rxf3 72. Kxf3 Bb2 73. Kg4 Bc1 74. f4 Bxf4 75. Bc4 1/2-1/2